|
|
|
|
| LEADER |
00000nab a2200000 a 4500 |
| 001 |
vtls000324939 |
| 003 |
SK-MaSNL |
| 005 |
20260304031858.0 |
| 008 |
230217c1987 xo 0 slo |
| 015 |
|
|
|a SNBRB19rr/mm-uuuuu
|
| 035 |
|
|
|a CL0325061
|
| 035 |
|
|
|a urn:nbn:sk:snk-ab1x2a
|
| 035 |
|
|
|a (urnnbn)urn:nbn:sk:snk:ar-a015ty
|
| 035 |
|
|
|a (uuid)9f96eae6-b57a-47c1-b4cc-bda5dafb57cd
|
| 040 |
|
|
|a SNKBUCL
|b slo
|c SNKBUCL
|e AACR2
|
| 041 |
0 |
|
|a slo
|
| 044 |
|
|
|a xo
|c SK
|
| 080 |
|
|
|a 91:504.75
|2 1981
|
| 080 |
|
|
|a 504.75
|2 1981
|
| 100 |
1 |
|
|a Holomáňová, Jiřina
|4 aut
|9 1312050
|
| 245 |
1 |
0 |
|a Gerasimov, I. P.: Ekologičeskije problemy v prošloj nastojaščej i buduščej geografii mira
|c Jiřina Holomáňová
|
| 650 |
0 |
7 |
|a geografia
|2 snkbucl
|9 823
|
| 650 |
0 |
7 |
|a ekológia
|2 snkbucl
|9 785
|
| 655 |
|
7 |
|a články z novín a časopisov
|2 snkbucl
|9 267496
|
| 700 |
1 |
|
|a Gerasimov, I. P.
|4 aut
|9 1312051
|
| 773 |
0 |
|
|t Geografický časopis
|g Roč. 39, č. 3 (1987), s. 335
|
| 787 |
0 |
8 |
|i Rec.:
|a Gerasimov, I. P.
|t Ekologičeskije problemy v prošloj nastojaščej i buduščej geografii mira
|d Moskva : Nauka, 1985
|
| 850 |
|
|
|a Slovenská národná knižnica v Martine
|a MTA001
|
| 852 |
|
|
|a SNK
|b KIS3GCP
|
| 954 |
|
|
|a odborná, vedecká literatúra pôvodná (slovenská)
|2 lita
|
| 958 |
|
|
|a RK
|
| 958 |
|
|
|a SU
|
| 958 |
|
|
|a OND
|
| 958 |
|
|
|a EUIPO
|
| 958 |
|
|
|a article27
|
| 992 |
|
|
|a RBX
|
| 999 |
|
|
|c 2640310
|d 2642240
|